00670nam a2200169 a 450000100100000000500170001000800410002704000250006808200160009310000240010924500860013325000540021926000750027330000210034895201140036999900170048300003422920200930070903.0110928s1939 dr a 000 0 spa d aDO-SdBNPbspacBNPHU axxxxbG192v1 aGamboa, Emma95964810aNuevo silabario :bsegún el método ideo-visual del Dr. Decroy /cEmma Gamboa. aEdición especial para la República Dominicana aCiudad Trujillo, República Dominicana :bLibreria Dominicana,c1939. a103 p. ;c24 cm. 0010718PDaPDbPDcCTd2011-09-28iLF1l0oxxxx G192vp34229-10r2020-06-25w2020-06-25yLFPDZNo se presta c33720d33720